| 000 | 00000nam##2200000za#4500 |
| 001 | 9.648363 |
| 003 | CaOODSP |
| 005 | 20210615113048 |
| 007 | ta |
| 008 | 150407|2001||||xxc||||| f|0| 0 eng|d |
| 020 | |a0-662-31171-X |
| 040 | |aCaOODSP|beng |
| 043 | |an-cn--- |
| 086 | 1 |aH39-509/2001-2E |
| 110 | 1 |aCanada.|bHealth Canada. |bPopulation and Public Health Branch. |
| 245 | 10|aTalking tools II : |bputting communication skills to work : resource booklet |
| 260 | |aOttawa - Ontario : |bHealth Canada. |c2001. |
| 300 | |av, 28p. : |breferences ; |c28 cm. |
| 563 | |aSoftcover |
| 590 | |a02-21|b2002-05-24 |
| 690 | 07|aDiagnosis|2gcpds |
| 690 | 07|aMedicine|2gcpds |
| 690 | 07|aOral communication|2gcpds |
| 775 | 08|tOutils de communication II : |w(CaOODSP)9.681656 |
| 776 | 0#|tTalking tools II : |w(CaOODSP)9.696278 |